LEADER 01241nam a2200289 u 4500 001 000000022758 003 CaOOAMICUS 005 20070226111148.0 008 950526s1955 it u000 u ita u 035 $a10573052 040 $aMSA$bita 041 1 $aita$hfre 100 1 $aDelatte, Paul,$cO.S.B.,$d1848-1937.$0(OLS)http://pul/name/1229 245 12$aL'evangelo di Nostro Signor Gesù Cristo il figlio di Dio. /$cVersione italiana sulla terza edizione francese per cura del Sac. Giovanni Montali. 250 $a2. ed. 260 $aTorino :$bSEI,$c1955. 300 $axii, 752 p. ;$c23 cm 490 1 $aStudi Superiori 600 04$aIesus Christus$xVita.$0(OLS)http://pul/subject/707 630 04$aBiblia.$pN.T.$pEvangelia$xCommenti.$0(OLS)http://pul/subject/2802 700 1 $aMontali, Giovanni.$0(OLS)http://pul/name/17178 830 0$aStudi superiori.$0(OLS)http://pul/title/1343 850 $aPUL 852 $aPUL$W1$xDP1 Fondo Cecchetti$y53$m265 E 9$j31921$nBK-PRI$b $qFondi$B31921$CPULBib$Z2$F31921 $HPUL1190 $81 941 1 $a1 996 $6245$aL'evangelo di Nostro Signor Gesù Cristo il figlio di Dio.$9(OLS)http://pul/title/31686 996 $6260$aTorino :$bSEI$9(OLS)http://pul/publisher/47967 LEADER 01465nam a2200337 u 4500 001 000000007004 003 CaOOAMICUS 005 20070226104933.0 008 941029s1992 fr u000 u fre u 020 $a220404461X 035 $a10183268 040 $aPUL$bita 041 0 $afre$hger 100 1 $aSchatz, Klaus,$cS.I,$d1938-$0(OLS)http://pul/name/7106 240 14$aDer päpstliche Primat, Seine Geschichte von der Ursprüngen bis zur Gegenwart.$lFrancese.$0(OLS)http://pul/title/10275 245 13$aLa Primauté du pape :$bson histoire des origines à nos jours /$cKlaus Schatz ; traduction de l'allemand par Joseph Hoffmann. 260 $aParis :$bLes Éditions du Cerf,$c1992. 300 $a288 p. ;$c24 cm 490 1 $aHistoire 490 1 $aLibrairie européenne des idées 500 $aIndex: p. [275]-288. 700 1 $aHoffmann, Joseph.$0(OLS)http://pul/name/7107 830 0$aLibrairie européenne des idées.$0(OLS)http://pul/title/10277 830 0$aHistoire (Editions du Cerf).$0(OLS)http://pul/title/1433 850 $aPUL 852 $aPUL$W1$xCollocazioni Temporanee$y24$mSenza collocazione$j12$qStampati$B9886$CPULBib$Z2$F9886 $81 941 1 $a8 961 $aINV: 74658 996 $6020$a220404461X$9(OLS)http://pul/number/9097 996 $6245$aLa Primauté du pape :$bson histoire des origines à nos jours$9(OLS)http://pul/title/10276 996 $6260$aParis :$bLes Éditions du Cerf$9(OLS)http://pul/publisher/47861